| 000 | 00395nam a2200121Ia 4500 | ||
|---|---|---|---|
| 008 | 220204s9999 xx 000 0 und d | ||
| 082 |
_a349.6 _bLAL |
||
| 245 | 0 | _aLal's commentaries on water and air pollution laws along with the environment (protection) act and rules, 1986 | |
| 250 | _aEd.3 | ||
| 260 |
_aAllahabad _bLaw Publishers _c1990 |
||
| 650 | _aKerala water pollution rules | ||
| 942 | _cBK | ||
| 999 |
_c44033 _d44033 |
||